| 000 | 00496nam a22001337a 4500 | ||
|---|---|---|---|
| 008 | 230731b |||||||| |||| 00| 0 eng d | ||
| 040 |
_aNational Science Library _cNational Science Library |
||
| 100 | 1 |
_aStatland, N _912866 |
|
| 245 |
_aApproach to computer installation performance effectiveness evaluation _c/ Auerbach Corporation Philadelphia, Pennsylvania June 1965 |
||
| 260 |
_aWashington: _bUS Department of Commerce, _c1965 |
||
| 300 | _a155p. | ||
| 700 | _aProctor, R | ||
| 942 |
_2udc _cREF |
||
| 999 |
_c56397 _d56397 |
||